<?xml version="1.0" encoding="UTF-8"?>
<record
    xmlns:xsi="http://www.w3.org/2001/XMLSchema-instance"
    xsi:schemaLocation="http://www.loc.gov/MARC21/slim http://www.loc.gov/standards/marcxml/schema/MARC21slim.xsd"
    xmlns="http://www.loc.gov/MARC21/slim">

  <leader>01296nam a2200205Ia 4500</leader>
  <controlfield tag="008">230520s9999    xx            000 0 und d</controlfield>
  <datafield tag="020" ind1=" " ind2=" ">
    <subfield code="a">97898886722029888672207</subfield>
  </datafield>
  <datafield tag="041" ind1=" " ind2=" ">
    <subfield code="a">chi</subfield>
    <subfield code="h">eng</subfield>
  </datafield>
  <datafield tag="050" ind1=" " ind2=" ">
    <subfield code="a">BT75.3 </subfield>
    <subfield code="b">.T46122 2020</subfield>
  </datafield>
  <datafield tag="100" ind1=" " ind2=" ">
    <subfield code="a">Thorsen, Don </subfield>
  </datafield>
  <datafield tag="245" ind1=" " ind2="0">
    <subfield code="a">&#x57FA;&#x7763;&#x6559;&#x795E;&#x5B66;&#x521D;&#x63A2;</subfield>
    <subfield code="b"> /</subfield>
    <subfield code="c">&#x7D22;&#x5C14;&#x68EE; (Don Thorsen) &#x8457;; &#x4F59;&#x4EAE;&#x8BD1;</subfield>
  </datafield>
  <datafield tag="246" ind1=" " ind2=" ">
    <subfield code="a">&#x57FA;&#x7763;&#x6559;&#x795E;&#x5B78;&#x521D;&#x63A2;</subfield>
    <subfield code="b"> /</subfield>
  </datafield>
  <datafield tag="260" ind1=" " ind2=" ">
    <subfield code="a">&#x9999;&#x6E2F; :</subfield>
    <subfield code="b">&#x5929;&#x9053;&#x66F8;&#x6A13;,</subfield>
    <subfield code="c">2020</subfield>
  </datafield>
  <datafield tag="300" ind1=" " ind2=" ">
    <subfield code="a">xv, 406 p. </subfield>
    <subfield code="b">; </subfield>
    <subfield code="c">23 cm.</subfield>
  </datafield>
  <datafield tag="500" ind1=" " ind2=" ">
    <subfield code="a">Translation of : Exploration of Christian Theology.</subfield>
  </datafield>
  <datafield tag="505" ind1=" " ind2=" ">
    <subfield code="a">Foundations. Theology -- Revelation -- Authority -- Scripture -- God. Who is God? -- The Trinity -- Knowing God -- The works of God -- Creation. Creation -- Providence and evil -- Humanity. The image of God -- The human person -- Sin. What is sin? -- The nature of sin -- Jesus Christ. Who is Jesus Christ? -- The incarnation -- The works of Jesus Christ -- The Holy Spirit. Who is the Holy Spirit? -- The works of the Spirit -- Salvation. God's grace &amp; our choice -- What is salvation? -- Living as a Christian -- Christian spirituality -- The church. The church -- Ministry -- The means of grace -- The future. Eschatology -- Heaven and hell -- From theory to practice.</subfield>
  </datafield>
  <datafield tag="650" ind1=" " ind2=" ">
    <subfield code="a">Theology.Christianity.</subfield>
  </datafield>
  <datafield tag="700" ind1=" " ind2=" ">
    <subfield code="a">&#x7D22;&#x5C14;&#x68EE;&#x4F59;&#x4EAE;</subfield>
  </datafield>
  <datafield tag="952" ind1=" " ind2=" ">
    <subfield code="0">0</subfield>
    <subfield code="1">0</subfield>
    <subfield code="4">0</subfield>
    <subfield code="7">0</subfield>
    <subfield code="a">GETS</subfield>
    <subfield code="b">GETS</subfield>
    <subfield code="c"> GEN</subfield>
    <subfield code="d">2023-05-20</subfield>
    <subfield code="l">0</subfield>
    <subfield code="o">BT75.3 .T46122 2020</subfield>
    <subfield code="p">00030384</subfield>
    <subfield code="r">2023-05-20 00:00:00</subfield>
    <subfield code="w">2023-05-20</subfield>
    <subfield code="y">CB</subfield>
  </datafield>
  <datafield tag="952" ind1=" " ind2=" ">
    <subfield code="0">0</subfield>
    <subfield code="1">0</subfield>
    <subfield code="4">0</subfield>
    <subfield code="7">0</subfield>
    <subfield code="a">GETS</subfield>
    <subfield code="b">GETS</subfield>
    <subfield code="c"> GEN</subfield>
    <subfield code="d">2023-05-20</subfield>
    <subfield code="l">4</subfield>
    <subfield code="m">3</subfield>
    <subfield code="o">BT75.3 .T46122 2020</subfield>
    <subfield code="p">00030385</subfield>
    <subfield code="r">2023-11-02 15:00:40</subfield>
    <subfield code="s">2023-09-14</subfield>
    <subfield code="t">c.2</subfield>
    <subfield code="w">2023-05-20</subfield>
    <subfield code="y">CB</subfield>
  </datafield>
  <datafield tag="952" ind1=" " ind2=" ">
    <subfield code="0">0</subfield>
    <subfield code="1">0</subfield>
    <subfield code="4">0</subfield>
    <subfield code="7">0</subfield>
    <subfield code="a">GETS</subfield>
    <subfield code="b">GETS</subfield>
    <subfield code="c"> GEN</subfield>
    <subfield code="d">2023-05-20</subfield>
    <subfield code="l">0</subfield>
    <subfield code="o">BT75.3 .T46122 2020</subfield>
    <subfield code="p">00030769</subfield>
    <subfield code="r">2023-05-20 00:00:00</subfield>
    <subfield code="t">c.3</subfield>
    <subfield code="w">2023-05-20</subfield>
    <subfield code="y">CB</subfield>
  </datafield>
  <datafield tag="999" ind1=" " ind2=" ">
    <subfield code="c">43441</subfield>
    <subfield code="d">43441</subfield>
  </datafield>
</record>
